000 00650nam a22002177a 4500
003 OSt
005 20140310182320.0
008 130313t xxu||||| |||| 00| 0 eng d
020 _a0865923833
050 _aBJ 1533.K5
_b.G65 1987
082 _aGS 177.7
_bG58 1987
100 _aGoley, Elaine
_921110
245 _aKindness /
_cElaine P. Goley ; illustrated by Debbie Crocker
260 _aVero Beach, FL :
_bRourke Enterprises,
_c1987.
300 _a32 p. :
_c26 cm.
_bcol. ill. ;
440 _aLearn the Value of
_921111
650 _aKindness
_xJuvenile.
_921122
650 _aConduct of life.
_91175
942 _2lcc
_cBK-GS
999 _c11799
_d11799